zpět

Detail výsledku týmu

Tiebreak - Štvanice, Praha

Datum a čas kvízu

37.5 Celkem bodů Celkový počet nahraných bodů na tomto kvízu bez doplňovacích otázek.
2. Pořadí na kvízu Konečné umístění týmu na tomto kvízu.

Zaznamenané odpovědi

# Otázka Odpověď Body Výsledky
1. Který sběratelský předmět byl... poštovní známka 1
2. V úterý se v jisté evropské mo... Španělsko, princezna Leonor 0
3. Ve čtvrtek měla premiéru horor... Přišla v noci 0
4. Minulý týden otevřel jistý ame... Popeye's 1
5. Že v sobotním vyhlašování anke... Tomáš Staněk 0
-14. O které významné ženě 18. stol... o Marii Antoinettě 1
-13. Přívlastkové víno, k jehož výr... výběr z cibéb 0
-14. Jak se v antické mytologii jme... Dionýsos 1
-11. Vinařská oblast Morava se dělí... Velkopavlovická 1
-10. Brandy je pálenka vyrobená z h... Cognac 1